Представление документа в формате RUSMARC

ПолеНазваниеЗначение
  Тип записи a
  Библиографический уровень a
001 Контрольный номер RU/УОНБ/EK_Kray/503081932
005 Дата корректировки 20240131005021.7
100 Данные общей обработки __
a Данные общей обработки 20151210d2015 ||| 0rusy0189 ca
101 Язык документа 0_
a Язык текста rus
102 Страна публикации __
a Страна публикации RU
105 Кодированные данные (монография) __
a Кодированные данные (монография) y###||||000|y
200 Заглавие и сведения об ответственности 1_
a Заглавие Золотой век в черном переплете
f Первые сведения об ответственности Ирина Ушакова
225 Серия __
a Серия Год литературы
327 Примечание о содержании 11
a Примечание о содержании Семейная хроника
330 Аннотация __
a Аннотация С.А. Рачинский - ученый-педагог, переводчик на немецкий язык книги С. Аксакова "Семейная хроника".
461 Уровень набора _0
1 001RU/УОНБ/EK/487086466
1 2001
a Симбирскъ
e лит. журн.
v № 9
1 2101
a Ульяновск
c МедиаЦентр
d 2015
463 Уровень физической единицы _0
1 001RU/УОНБ/EK/500490655
1 2000
a № 9
v С. 27-30
600 Персоналии _1
a Персоналии (Фамилия) Аксаков, Сергей Тимофеевич
600 Персоналии _1
a Персоналии (Фамилия) Рачинский, Сергей Александрович
610 Ключевые слова 0_
a Ключевые слова творчество С.Т. Аксакова
610 Ключевые слова 0_
a Ключевые слова переводчики
686 Индексы других классификаций __
a Классификационный индекс 83.3-8А
2 Код системы rubbk
700 Автор _1
a Фамилия Ушакова
b Имя (инициалы) И.
g Полное личное имя Ирина
801 Источник записи _0
a Страна RU
b Организация Ульяновская ОНБ
c Дата составления 20151210
g Правила каталогизации RCR
801 Источник записи _1
a Страна RU
b Организация Ульяновская ОНБ
c Дата составления 20151210
g Правила каталогизации RCR
900 Электронные ресурсы __
a Имя электронного ресурса Simbirsk_092015
901 Тип документа __
t Тип документа c
w Контрольный № источника RU/УОНБ/EK/500490655
909 Создатель записи __
a Создатель записи Шевякова
938 Служебная информация __
a Имя БД kraeved_work
b Имя библиотеки УОНБ
c Имя АИБС МАРК-SQL
d Номер DOC_ID в БД 118220